| 000 | 00680nam a2200217 u 4500 | ||
|---|---|---|---|
| 005 | 20220817104734.0 | ||
| 008 | 150511s2009 es r 000 0 spa d | ||
| 020 | _a9788426137036 | ||
| 035 | _aUPN01000203361 | ||
| 049 | _aI | ||
| 050 | 4 |
_aPZ7 _bC3.2 |
|
| 100 | 1 |
_aCatchpool, Michael, _d1966- _937174 |
|
| 245 | 1 | 3 |
_aEl barco del abuelo / _cMichael Catchpool ; il. Sophy Williams ; tr. María Lucchetti. |
| 260 |
_aBarcelona, Esp. : _bJuventud, _c2009. |
||
| 300 |
_a[26] p. : _bil. col. |
||
| 534 |
_pTítulo original: _tGrandpa's boat |
||
| 650 | 4 |
_aCuentos infantiles _96744 |
|
| 650 | 7 |
_aAbuelos _vLiteratura infantil _2 _911576 |
|
| 905 | _aInfantil | ||
| 999 |
_c175462 _d175462 |
||